00629cam a22002531 4500001001300000003000400013005001700017008004100034010001700075035002000092040001800112042001200130050001800142100001600160245003400176260001100210300001900221500000600240500001400246600004800260650001500308700003500323999001700358sa 68005320 DLC20260227112507.0890908s1962 xx 000 0 tam  asa 68005320  a(OCoLC)23569453 aDLCcMiUdDLC apremarc00aDS451.5b.G651 aGovindan, K10aKalińkam kanṭa kâvalar. c[1962] a143 p.c19 cm. a# aIn Tamil.00aAśoka,cKing of Magadha,dactive 259 B.C. 0aKulottunga0 aChola King,dactive 1070-1118. c80652d80652